Design and computation of modern engineering materials / (Record no. 19314)
[ view plain ]
| 000 -LEADER | |
|---|---|
| fixed length control field | 00887cam a2200265 a 4500 |
| 001 - CONTROL NUMBER | |
| control field | 18187221 |
| 005 - DATE AND TIME OF LATEST TRANSACTION | |
| control field | 20201128021244.0 |
| 008 - FIXED-LENGTH DATA ELEMENTS--GENERAL INFORMATION | |
| fixed length control field | 140613t2014 nyua frb 000 0 eng d |
| 020 ## - INTERNATIONAL STANDARD BOOK NUMBER | |
| International Standard Book Number | 9783319073828 |
| 020 ## - INTERNATIONAL STANDARD BOOK NUMBER | |
| International Standard Book Number | 9783319073835 (ebk) |
| 040 ## - CATALOGING SOURCE | |
| Original cataloging agency | DLC |
| Language of cataloging | eng |
| Transcribing agency | DLC |
| Modifying agency | DLC |
| -- | EG-ScBUE |
| 082 04 - DEWEY DECIMAL CLASSIFICATION NUMBER | |
| Classification number | 620.11 |
| Item number | DES |
| Edition number | 22 |
| 245 00 - TITLE STATEMENT | |
| Title | Design and computation of modern engineering materials / |
| Statement of responsibility, etc | editors Andreas Öchsner, Holm Altenbach. |
| 260 ## - PUBLICATION, DISTRIBUTION, ETC. (IMPRINT) | |
| Place of publication, distribution, etc | New York : |
| Name of publisher, distributor, etc | Springer, |
| Date of publication, distribution, etc | c.2014. |
| 300 ## - PHYSICAL DESCRIPTION | |
| Extent | viii, 438 p. : |
| Other physical details | ill. ; |
| Dimensions | 24 cm. |
| 490 0# - Series Statement | |
| Series statement | Advanced structured materials ; |
| Volume/sequential designation | 54 |
| 504 ## - BIBLIOGRAPHY, ETC. NOTE | |
| Bibliography, etc | Includes bibliographical references. |
| 650 #7 - SUBJECT ADDED ENTRY--TOPICAL TERM | |
| Topical term or geographic name as entry element | Materials. |
| Source of heading or term | BUEsh |
| 9 (RLIN) | 1256 |
| 651 ## - SUBJECT ADDED ENTRY--GEOGRAPHIC NAME | |
| Source of heading or term | BUEsh |
| 653 ## - INDEX TERM--UNCONTROLLED | |
| Resource For college | Engineering, General |
| Arrived date list | May2015 |
| 655 ## - INDEX TERM--GENRE/FORM | |
| Form subdivision | |
| -- | 34232 |
| 700 1# - ADDED ENTRY--PERSONAL NAME | |
| Personal name | Öchsner, Andreas |
| Relator term | editor. |
| 9 (RLIN) | 37914 |
| 700 1# - ADDED ENTRY--PERSONAL NAME | |
| Personal name | Altenbach, Holm, |
| Dates associated with a name | 1956- |
| Relator term | editor. |
| 9 (RLIN) | 37915 |
| 942 ## - ADDED ENTRY ELEMENTS (KOHA) | |
| Source of classification or shelving scheme | Dewey Decimal Classification |
| Call number prefix | 620.11 DES |
| Withdrawn status | Item status | Source of classification or shelving scheme | Damaged status | Not for loan | Vendor | Home library | Current library | Shelving location | Date acquired | Source of acquisition | Cost, normal purchase price | Serial Enumeration / chronology | Total Checkouts | Full call number | Barcode | Date last seen | Cost, replacement price | Koha item type |
|---|---|---|---|---|---|---|---|---|---|---|---|---|---|---|---|---|---|---|
| Dewey Decimal Classification | Alahram | Central Library | Central Library | First floor | 07/05/2015 | 1192.00 | 436 | 620.11 DES | 000038168 | 15/07/2025 | 1490.00 | Book - Borrowing |